More than Protectionism: Unbundling U.S. Motives in the Trade and Technological War with China

Článok systematicky hodnotí štyri hlavné ekonomické vysvetlenia protekcionistického správania – korekciu obchodnej bilancie, modernizáciu komoditnej štruktúry obchodu, manipuláciu s obchodnými podmienkami a strategickú obchodnú politiku – a demonštruje ich obmedzenia pri vysvetľovaní prípadu USA a Č...

Ausführliche Beschreibung

Gespeichert in:
Bibliographische Detailangaben
1. Verfasser: Svatoň, Petr
Format: Buchkapitel
Sprache:Englisch
Schlagworte:
Tags: Tag hinzufügen
Keine Tags, Fügen Sie das erste Tag hinzu!

MARC

LEADER 00000naa a2200000 4500
001 0312953
005 20251028095634.9
041 0 |a eng 
044 |a CZ 
245 1 0 |a More than Protectionism: Unbundling U.S. Motives in the Trade and Technological War with China  |c Petr Svatoň 
520 |a Článok systematicky hodnotí štyri hlavné ekonomické vysvetlenia protekcionistického správania – korekciu obchodnej bilancie, modernizáciu komoditnej štruktúry obchodu, manipuláciu s obchodnými podmienkami a strategickú obchodnú politiku – a demonštruje ich obmedzenia pri vysvetľovaní prípadu USA a Číny. Následne navrhuje alternatívny analytický rámec, ktorý integruje realistickú teóriu medzinárodných vzťahov s modifikovanou verziou merkantilistického pohľadu na komoditnú štruktúru obchodu, ktorá zahŕňa odvetný mechanizmus. Tento interdisciplinárny prístup lepšie zachytáva kombinované geopolitické a ekonomické základy protekcionistickej politiky USA zameranej na Čínu, najmä úsilie o obmedzenie technologického rastu Číny v sektoroch polovodičov a dvojakého použitia. 
610 2 0 |a vojna obchodná 
610 2 0 |a vzťahy hospodárske medzinárodné 
610 2 0 |a vývoz 
610 2 0 |a konflikty medzinárodné 
610 2 0 |a sektor technologický 
610 2 0 |a merkantilizmus 
610 2 0 |a protekcionizmus 
610 2 0 |a Čína 
610 2 0 |a USA 
100 1 |a Svatoň, Petr